[Event "10th Olot it"]
[Site "Olot ESP"]
[Date "1975.03.??"]
[Round "6"]
[White "Sanz Alonso, Francisco Javier"]
[Black "Cordovil, Joao Maria"]
[WhiteElo "2340"]
[BlackElo "2280"]
[Result "1-0"]
[EventDate "1975.03.09"]
[PlyCount "71"]

1.c4 e5 2.Nc3 d6 3.g3 Be7 4.Bg2 c6 5.d3 f5 6.e3 Nh6 7.b4 O-O 8.Nge2 Qe8 9.
b5 a6 10.bxc6 bxc6 11.O-O a5 12.Nd5 Ra7 13.Rb1 Be6 14.Nxe7+ Qxe7 15.f4 e4 
16.Nd4 Bd7 17.dxe4 fxe4 18.Qc2 d5 19.cxd5 cxd5 20.Qb3 Qf7 21.Ba3 Re8 22.
Qb6 Ra6 23.Qxb8 Rxb8 24.Rxb8+ Be8 25.Bh3 Kh8 26.Rc1 Ng8 27.Rcc8 Nf6 28.Bf1
Qh5 29.Be2 Qg6 30.f5 Qf7 31.Bxa6 h6 32.Be2 Kh7 33.Ne6 d4 34.Rc7 Nd7 35.
Rxd7 Bxd7 36.Nf8+ 1-0

[Event "10th Olot it"]
[Site "Olot ESP"]
[Date "1975.03.??"]
[Round "6"]
[White "Schmidt, Wlodzimierz"]
[Black "Gonzalez Maza, Rafael"]
[WhiteElo "2465"]
[BlackElo "2280"]
[Result "1/2-1/2"]
[EventDate "1975.03.09"]
[PlyCount "105"]

1.Nf3 d6 2.d4 Bg4 3.e4 Nf6 4.Nc3 e6 5.Be2 Be7 6.O-O c6 7.h3 Bxf3 8.Bxf3 
O-O 9.e5 Ne8 10.Ne4 Nd7 11.Bf4 d5 12.Ng3 Bg5 13.Qd2 Bxf4 14.Qxf4 f6 15.
exf6 Qxf6 16.Qxf6 Nexf6 17.Rae1 Rae8 18.Nh5 e5 19.dxe5 Nxe5 20.Nxf6+ Rxf6 
21.Bh5 g6 22.Be2 Rfe6 23.Rd1 g5 24.b3 R8e7 25.g3 Rf6 26.Kg2 Kf8 27.Rd4 Ng6
28.Bh5 Re5 29.Rfd1 Ne7 30.Bg4 Nf5 31.R4d3 Nd6 32.Rf3 Rxf3 33.Bxf3 Ke7 34.
Rh1 h6 35.h4 Rf5 36.hxg5 hxg5 37.Bg4 Rf6 38.Rh7+ Rf7 39.Rh5 Rg7 40.Rh6 Ne4
41.Bc8 Kd8 42.Bf5 Nc3 43.a4 Ne2 44.Rd6+ Kc7 45.Rg6 Rxg6 46.Bxg6 g4 47.f3 
gxf3+ 48.Kxf3 Nd4+ 49.Ke3 c5 50.Bd3 Kd6 51.Kf4 a6 52.g4 b5 53.axb5 1/2-1/2

[Event "10th Olot it"]
[Site "Olot ESP"]
[Date "1975.03.??"]
[Round "7"]
[White "Cardoso, Rodolfo Tan"]
[Black "Medina Garcia, Antonio Angel"]
[WhiteElo "2440"]
[BlackElo "2345"]
[Result "1-0"]
[EventDate "1975.03.09"]
[PlyCount "73"]

1.c4 g6 2.Nc3 Bg7 3.g3 Nf6 4.Bg2 O-O 5.e3 d6 6.Nge2 e5 7.O-O Nbd7 8.Rb1 
Re8 9.d3 Nf8 10.b4 a6 11.a4 h5 12.h4 Ng4 13.f3 Nh6 14.e4 Ne6 15.Be3 f5 16.
Qd2 Kh7 17.Bg5 Nxg5 18.hxg5 Nf7 19.exf5 Bxf5 20.g4 Be6 21.Ne4 c6 22.gxh5 
gxh5 23.f4 d5 24.Nc5 Bg4 25.cxd5 exf4 26.g6+ Kh8 27.gxf7 Rxe2 28.Qxf4 cxd5
29.Rbe1 Qe7 30.Rxe2 Qxe2 31.Bf3 Bxf3 32.Rxf3 Rc8 33.Qf5 Bd4+ 34.Kh1 Qe1+ 
35.Rf1 Qh4+ 36.Kg2 Rf8 37.Rf4 1-0

[Event "10th Olot it"]
[Site "Olot ESP"]
[Date "1975.03.??"]
[Round "7"]
[White "Cordovil, Joao Maria"]
[Black "Bellon Lopez, Juan Manuel"]
[WhiteElo "2280"]
[BlackElo "2415"]
[Result "1-0"]
[EventDate "1975.03.09"]
[PlyCount "77"]

1.d4 Nf6 2.Nc3 d5 3.Bg5 Bf5 4.f3 c6 5.e4 dxe4 6.Bxf6 exf6 7.fxe4 Bg6 8.Nf3
Bb4 9.Bd3 O-O 10.O-O Re8 11.e5 Bxc3 12.bxc3 Bxd3 13.cxd3 Re6 14.exf6 Rxf6 
15.Qb3 b6 16.Ne5 Qd5 17.Qxd5 cxd5 18.Rxf6 gxf6 19.Ng4 Kg7 20.Ne3 Nc6 21.
Nxd5 Rd8 22.Nf4 b5 23.a4 b4 24.d5 Ne7 25.cxb4 Nxd5 26.Nxd5 Rxd5 27.Ra3 Kf8
28.b5 Ke7 29.Kf2 Kd6 30.Rc3 Rf5+ 31.Ke3 Re5+ 32.Kd2 Rf5 33.Rc6+ Kd5 34.Kc3
a5 35.Ra6 Rf2 36.Rxa5 Rxg2 37.Ra7 Rxh2 38.Rxf7 Ra2 39.b6 1-0

[Event "10th Olot it"]
[Site "Olot ESP"]
[Date "1975.03.??"]
[Round "7"]
[White "Csom, Istvan"]
[Black "Sanz Alonso, Francisco Javier"]
[WhiteElo "2530"]
[BlackElo "2340"]
[Result "1-0"]
[EventDate "1975.03.09"]
[PlyCount "123"]

1.Nf3 c5 2.b3 Nc6 3.Bb2 d6 4.d4 cxd4 5.Nxd4 Nf6 6.c4 e5 7.Nxc6 bxc6 8.e3 
Be7 9.Be2 Be6 10.O-O Nd7 11.Nc3 O-O 12.Qd2 f5 13.Rfd1 Nf6 14.Rac1 Qe8 15.
Qe1 Qg6 16.Na4 f4 17.exf4 Rae8 18.f3 exf4 19.Bd3 Bf5 20.Bxf5 Qxf5 21.Qf2 
d5 22.Qc2 Qg5 23.Bd4 Ba3 24.Rb1 a5 25.Re1 Bb4 26.Rxe8 Rxe8 27.Qb2 dxc4 28.
bxc4 Qh4 29.Bf2 Qg5 30.Rd1 Qf5 31.c5 Nd7 32.Qc1 Re5 33.a3 Bxc5 34.Qc4+ Kf8
35.Nxc5 Nxc5 36.h4 h6 37.Rd8+ Ke7 38.Ra8 Nd7 39.Qxc6 Qe6 40.Qc8 Kf7 41.
Qg8+ Kg6 42.Qxe6+ Rxe6 43.Rxa5 Re2 44.h5+ Kh7 45.Rf5 Ra2 46.Bd4 Kg8 47.
Rxf4 Rxa3 48.Rg4 g5 49.hxg6 Nf8 50.g7 Ne6 51.Bf6 Ra8 52.Rb4 Kf7 53.Bb2 Re8
54.Rb7+ Kg8 55.Kh2 Nc5 56.Ra7 Nd3 57.Bd4 Nb4 58.Rc7 Nd5 59.Rb7 Ne7 60.Bf6 
Nd5 61.Bb2 Ne7 62.Rb6 1-0

[Event "10th Olot it"]
[Site "Olot ESP"]
[Date "1975.03.??"]
[Round "7"]
[White "Gonzalez Maza, Rafael"]
[Black "Filip, Miroslav"]
[WhiteElo "2280"]
[BlackElo "2485"]
[Result "0-1"]
[EventDate "1975.03.09"]
[PlyCount "92"]

1.g3 d5 2.Bg2 Nf6 3.b3 e6 4.Bb2 Be7 5.d3 O-O 6.Nd2 c5 7.e4 Nc6 8.Ngf3 Qc7 
9.Qe2 d4 10.a4 e5 11.h3 Rb8 12.O-O a6 13.Rfb1 b5 14.Bc1 Ne8 15.Nf1 Nd6 16.
Ne1 Be6 17.f4 f6 18.f5 Bf7 19.axb5 axb5 20.g4 c4 21.h4 Ra8 22.bxc4 bxc4 
23.g5 Rxa1 24.Rxa1 Rb8 25.Qg4 Qc8 26.Nh2 Kh8 27.Nhf3 Ra8 28.gxf6 Bxf6 29.
Rxa8 Qxa8 30.Bg5 Qe8 31.dxc4 Bh5 32.Qh3 Nxe4 33.Nd3 Nc3 34.Nc5 e4 35.Nd2 
e3 36.Nde4 e2 37.Bd2 Qe7 38.Be1 Ne5 39.Nxc3 Qxc5 40.Ne4 Qa7 41.c5 d3 42.
cxd3 Ng4 43.Bf3 Qa1 44.Bxe2 Qxe1+ 45.Bf1 Bd4+ 46.Kh1 Nf2+ 0-1

[Event "10th Olot it"]
[Site "Olot ESP"]
[Date "1975.03.??"]
[Round "7"]
[White "Romanishin, Oleg"]
[Black "Pomar Salamanca, Arturo"]
[WhiteElo "2485"]
[BlackElo "2450"]
[Result "1/2-1/2"]
[EventDate "1975.03.09"]
[PlyCount "111"]

1.e4 c6 2.Nc3 d5 3.Nf3 Bg4 4.h3 Bxf3 5.Qxf3 e6 6.d3 Bb4 7.exd5 cxd5 8.Qg4 
Bf8 9.d4 Nf6 10.Qg3 Nc6 11.Bb5 a6 12.Bxc6+ bxc6 13.O-O g6 14.Bg5 Nh5 15.
Qe3 Qc7 16.g4 h6 17.gxh5 hxg5 18.hxg6 Qf4 19.gxf7+ Kxf7 20.Ne2 Qf5 21.Kg2 
Bd6 22.Rh1 Rh4 23.Qf3 Rb8 24.b3 Qxf3+ 25.Kxf3 Rbh8 26.Kg2 Re4 27.Rae1 g4 
28.h4 Be7 29.h5 Bg5 30.Kf1 Rh6 31.Rd1 Rf6 32.Rd3 Kg7 33.Rg1 Kh6 34.Rg2 Bh4
35.Rh2 Kg5 36.c3 e5 37.dxe5 Rxe5 38.Ng3 Rfe6 39.Kg2 Rf6 40.Rd2 Bxg3 41.
Kxg3 Rf3+ 42.Kg2 Kh6 43.Rh4 Rxc3 44.Rxg4 Rg5 45.Rxg5 Kxg5 46.Rd4 Rc5 47.
Ra4 a5 48.Kf3 Rb5 49.h6 Kxh6 50.Kf4 Rb4+ 51.Rxb4 axb4 52.Ke5 Kg5 53.f4+ 
Kg6 54.Ke6 Kg7 55.Ke7 Kg6 56.Ke6 1/2-1/2

[Event "10th Olot it"]
[Site "Olot ESP"]
[Date "1975.03.??"]
[Round "8"]
[White "Csom, Istvan"]
[Black "Cardoso, Rodolfo Tan"]
[WhiteElo "2530"]
[BlackElo "2440"]
[Result "1/2-1/2"]
[EventDate "1975.03.09"]
[PlyCount "78"]

1.Nf3 c5 2.c4 g6 3.e4 Bg7 4.d4 Nc6 5.dxc5 Qa5+ 6.Nfd2 Nd4 7.Nc3 Qxc5 8.Nb3
Nxb3 9.axb3 Qc6 10.Bd3 d6 11.Be3 Nf6 12.h3 Nd7 13.O-O Nc5 14.Bc2 Bxc3 15.
bxc3 O-O 16.Bh6 Rd8 17.Qd4 f6 18.f4 Be6 19.f5 Bf7 20.g4 a5 21.Rf2 Nd7 22.
Bd1 a4 23.Rxa4 Rxa4 24.bxa4 Qxc4 25.g5 Rc8 26.fxg6 hxg6 27.Bg4 e6 28.gxf6 
Qxc3 29.Qxd6 Nc5 30.Bd2 Nxe4 31.Bxc3 Nxd6 32.Be5 Rc1+ 33.Kh2 Nc4 34.Re2 
Nxe5 35.Rxe5 Rf1 36.a5 Rxf6 37.Kg3 Rf1 38.Bxe6 Bxe6 39.Rxe6 Rf5 1/2-1/2

[Event "10th Olot it"]
[Site "Olot ESP"]
[Date "1975.03.??"]
[Round "8"]
[White "Medina Garcia, Antonio Angel"]
[Black "Gonzalez Maza, Rafael"]
[WhiteElo "2345"]
[BlackElo "2280"]
[Result "1-0"]
[EventDate "1975.03.09"]
[PlyCount "55"]

1.e4 g6 2.d4 d6 3.Nc3 Bg7 4.f4 c6 5.Nf3 Bg4 6.Be3 Qb6 7.Qd2 Bxf3 8.gxf3 e6
9.O-O-O d5 10.f5 Nd7 11.fxe6 fxe6 12.Bh3 Nf8 13.Na4 Qc7 14.Nc5 Kf7 15.Bf4 
Qb6 16.Rhe1 e5 17.Be3 Rd8 18.dxe5 d4 19.Bxd4 Bxe5 20.Qc3 Rxd4 21.Rxd4 Nf6 
22.Red1 Bxd4 23.Qxd4 Qc7 24.e5 Nd5 25.c4 Nb6 26.Qf4+ Ke8 27.Ne4 Qg7 28.
Nd6+ 1-0

[Event "10th Olot it"]
[Site "Olot ESP"]
[Date "1975.03.??"]
[Round "8"]
[White "Pomar Salamanca, Arturo"]
[Black "Cordovil, Joao Maria"]
[WhiteElo "2450"]
[BlackElo "2280"]
[Result "0-1"]
[EventDate "1975.03.09"]
[PlyCount "82"]

1.d4 c5 2.e3 cxd4 3.exd4 g6 4.Nf3 Bg7 5.Bd3 Nc6 6.Be3 Qb6 7.Nc3 Nxd4 8.O-O
Qxb2 9.Nxd4 Qxc3 10.Nb5 Qc6 11.Nxa7 Rxa7 12.Bxa7 Bxa1 13.Qxa1 Nf6 14.Re1 
Qd6 15.Bb8 Qb4 16.a3 Qb6 17.Bf4 h6 18.h3 Kf8 19.Qc1 g5 20.Be3 Qc6 21.Bd4 
d6 22.f4 Rg8 23.f5 Nd5 24.Be4 Qc4 25.Qd2 Nf4 26.g3 Nxh3+ 27.Kh2 g4 28.Bd5 
Ng5 29.Qe3 Qc7 30.Bb6 Qxc2+ 31.Re2 Qxf5 32.Qxe7+ Kg7 33.Bd4+ Kh7 34.Qxd6 
Nf3+ 35.Kg2 Qh5 36.Be4+ Bf5 37.Bxf5+ Qxf5 38.Be3 Qh5 39.Bg1 Qh3+ 40.Kf2 
Qh1 41.Qd3+ Rg6 0-1

[Event "10th Olot it"]
[Site "Olot ESP"]
[Date "1975.03.??"]
[Round "8"]
[White "Sanz Alonso, Francisco Javier"]
[Black "Bellon Lopez, Juan Manuel"]
[WhiteElo "2340"]
[BlackElo "2415"]
[Result "1-0"]
[EventDate "1975.03.09"]
[PlyCount "81"]

1.c4 g6 2.Nc3 c5 3.g3 Bg7 4.Bg2 Nc6 5.a3 d6 6.d3 Rb8 7.Rb1 a5 8.e3 e5 9.
Nge2 Nge7 10.O-O O-O 11.Bd2 Be6 12.Nd5 b5 13.cxb5 Bxd5 14.Bxd5 Nxd5 15.
bxc6 Ne7 16.Qa4 Ra8 17.f4 Qb6 18.fxe5 Bxe5 19.Nc3 Qxc6 20.Qh4 f6 21.d4 
cxd4 22.exd4 Qb6 23.Be3 Nf5 24.Rxf5 gxf5 25.Bf2 Qb3 26.dxe5 fxe5 27.Qg5+ 
Kh8 28.Qd2 Rfd8 29.Qd3 Rac8 30.Qxf5 Rf8 31.Qe4 Rf7 32.Be3 Qb7 33.Qxb7 Rxb7
34.Ne4 Rc6 35.Bd2 d5 36.Ng5 a4 37.Nf3 Re6 38.Nxe5 Rb3 39.Re1 Kg8 40.Bc3 
Rb7 41.Rd1 1-0

[Event "10th Olot it"]
[Site "Olot ESP"]
[Date "1975.03.??"]
[Round "8"]
[White "Schmidt, Wlodzimierz"]
[Black "Romanishin, Oleg"]
[WhiteElo "2465"]
[BlackElo "2485"]
[Result "0-1"]
[EventDate "1975.03.09"]
[PlyCount "74"]

1.Nf3 Nf6 2.c4 e6 3.g3 a6 4.Bg2 b5 5.Nd4 d5 6.cxb5 Be7 7.O-O O-O 8.d3 axb5
9.Nxb5 Ba6 10.N5c3 c5 11.b3 Nc6 12.Bb2 Qc7 13.Nd2 Rfd8 14.Rc1 Rac8 15.Qc2 
Qa5 16.Qb1 d4 17.Nce4 Nxe4 18.Nxe4 f5 19.Nxc5 Bxc5 20.a3 Qb6 21.Rc2 Na7 
22.Rfc1 Nb5 23.b4 Be7 24.Rc6 Qa7 25.Rxe6 Bf6 26.Rxc8 Bxc8 27.Rc6 Nc3 28.
Qc2 Bd7 29.Rc5 Qa4 30.Qxa4 Nxa4 31.Rc2 Nc3 32.Bf3 g5 33.Kf1 Ba4 34.Rc1 g4 
35.Bb7 Bb5 36.e3 dxe3 37.fxe3 Rxd3 0-1

[Event "10th Olot it"]
[Site "Olot ESP"]
[Date "1975.03.??"]
[Round "9"]
[White "Bellon Lopez, Juan Manuel"]
[Black "Pomar Salamanca, Arturo"]
[WhiteElo "2415"]
[BlackElo "2450"]
[Result "1/2-1/2"]
[EventDate "1975.03.09"]
[PlyCount "99"]

1.e4 c6 2.d4 d5 3.Nc3 dxe4 4.Nxe4 Bf5 5.Ng3 Bg6 6.h4 h6 7.Nf3 Nd7 8.h5 Bh7
9.Bd3 Bxd3 10.Qxd3 Qc7 11.Rh4 e6 12.Bf4 Bd6 13.Bxd6 Qxd6 14.Ne4 Qe7 15.Qa3
Qxa3 16.bxa3 Ke7 17.Rb1 Rb8 18.Nc5 Nxc5 19.dxc5 a5 20.Ne5 Nf6 21.Rd4 Rhc8 
22.Rb3 Rc7 23.g4 Rd8 24.Rxb7 Rxd4 25.Nxc6+ Kd7 26.Nxd4 Rxb7 27.c6+ Kc7 28.
cxb7 Nxg4 29.Nc6 Kxb7 30.Nxa5+ Kc7 31.Nc4 f5 32.f4 Nf6 33.Ne5 Nxh5 34.Ng6 
Nf6 35.Kd2 h5 36.Ke3 Kd6 37.Kd4 Nd5 38.c4 h4 39.c5+ Kc6 40.Nxh4 Nxf4 41.
Nf3 Nh3 42.Kc4 g5 43.Nd4+ Kd7 44.a4 Nf4 45.a5 Nd5 46.Nxf5 g4 47.Ng3 Kc6 
48.Kd4 Ne7 49.a6 Nf5+ 50.Nxf5 1/2-1/2

[Event "10th Olot it"]
[Site "Olot ESP"]
[Date "1975.03.??"]
[Round "9"]
[White "Cardoso, Rodolfo Tan"]
[Black "Sanz Alonso, Francisco Javier"]
[WhiteElo "2440"]
[BlackElo "2340"]
[Result "0-1"]
[EventDate "1975.03.09"]
[PlyCount "96"]

1.e4 c5 2.Nf3 e6 3.d4 cxd4 4.Nxd4 Nc6 5.Be3 Nf6 6.Nc3 d6 7.Be2 Be7 8.Nb3 
a6 9.a4 b6 10.f4 Bb7 11.Bf3 Qc7 12.Qe2 O-O 13.g4 d5 14.e5 Nxg4 15.Bxg4 d4 
16.Nxd4 Nxd4 17.Bxd4 Bxh1 18.O-O-O Bb7 19.f5 exf5 20.Bxf5 Bc5 21.Ne4 Bxe4 
22.Qxe4 g6 23.Bc3 Rad8 24.Rf1 b5 25.e6 Rde8 26.axb5 axb5 27.b4 Bd6 28.Kb2 
Qc4 29.exf7+ Qxf7 30.Qc6 Be5 31.Bd3 Bxc3+ 32.Qxc3 Qd5 33.Rxf8+ Rxf8 34.Qb3
Qxb3+ 35.Kxb3 Rf3 36.Kc3 Rh3 37.Kd4 Rh5 38.h3 Kf7 39.c4 Rh4+ 40.Kc5 bxc4 
41.Bxc4+ Ke7 42.Bf1 Rf4 43.Be2 Kd7 44.b5 Kc7 45.Kd5 Rf2 46.Bg4 h5 47.Be6 
g5 48.Kd4 g4 0-1

[Event "10th Olot it"]
[Site "Olot ESP"]
[Date "1975.03.??"]
[Round "9"]
[White "Cordovil, Joao Maria"]
[Black "Schmidt, Wlodzimierz"]
[WhiteElo "2280"]
[BlackElo "2465"]
[Result "0-1"]
[EventDate "1975.03.09"]
[PlyCount "106"]

1.e4 c5 2.Nf3 e6 3.Nc3 Nc6 4.d4 cxd4 5.Nxd4 a6 6.Be3 Qc7 7.Bd3 Nf6 8.O-O 
Ne5 9.h3 Bc5 10.Qe2 d6 11.f4 Ng6 12.Nb3 Bxe3+ 13.Qxe3 O-O 14.Ne2 b5 15.c3 
Bb7 16.a4 bxa4 17.Rxa4 Bc6 18.Rc4 d5 19.exd5 exd5 20.Rc5 Rfe8 21.Qf2 Qb6 
22.Na5 Bb5 23.c4 dxc4 24.Nxc4 Bxc4 25.Rxc4 Qxb2 26.Nd4 Qxf2+ 27.Rxf2 Ne4 
28.Re2 Nd6 29.Rxe8+ Rxe8 30.Rc6 Nxf4 31.Bxa6 Rd8 32.Nf3 g6 33.Ne5 Kg7 34.
Kh2 h5 35.Nf3 Kf6 36.Nd2 h4 37.Ne4+ Ke5 38.Nxd6 Rxd6 39.Rxd6 Kxd6 40.Bb7 
Ne2 41.Bf3 Ng3 42.Bb7 Ke5 43.Bc6 f5 44.Be8 g5 45.Bc6 Kf4 46.Bf3 Nf1+ 47.
Kg1 Nd2 48.Kf2 Nxf3 49.gxf3 Ke5 50.Ke3 Kd5 51.Kd3 Kc5 52.Ke3 Kc4 53.Kf2 f4
0-1

[Event "10th Olot it"]
[Site "Olot ESP"]
[Date "1975.03.??"]
[Round "9"]
[White "Gonzalez Maza, Rafael"]
[Black "Csom, Istvan"]
[WhiteElo "2280"]
[BlackElo "2530"]
[Result "0-1"]
[EventDate "1975.03.09"]
[PlyCount "68"]

1.g3 g6 2.Bg2 Bg7 3.c4 Nf6 4.b3 d5 5.Bb2 c6 6.Nf3 O-O 7.O-O a5 8.cxd5 Qxd5
9.Ne5 Qd8 10.a3 Be6 11.Qc2 Ne8 12.Nd3 Qb6 13.Bxg7 Nxg7 14.Nc5 Na6 15.Nxe6 
Nxe6 16.Nc3 Nd4 17.Qe4 Rad8 18.Rab1 Nc5 19.Qxe7 Rfe8 20.Qh4 Nxe2+ 21.Nxe2 
Rxe2 22.b4 Ne6 23.bxa5 Qa7 24.Qe7 Rdxd2 25.Rb6 Qxa5 26.Rxb7 Nd8 27.Qc7 
Nxb7 28.Qxb7 Qc5 29.Qb8+ Kg7 30.Qf4 Rc2 31.h4 h5 32.g4 hxg4 33.h5 gxh5 34.
Kh1 Rxf2 0-1

[Event "10th Olot it"]
[Site "Olot ESP"]
[Date "1975.03.??"]
[Round "9"]
[White "Romanishin, Oleg"]
[Black "Filip, Miroslav"]
[WhiteElo "2485"]
[BlackElo "2485"]
[Result "1/2-1/2"]
[EventDate "1975.03.09"]
[PlyCount "75"]

1.c4 Nf6 2.g3 c6 3.Nf3 d5 4.Bg2 Bg4 5.cxd5 Bxf3 6.Bxf3 cxd5 7.O-O e6 8.Bg2
Be7 9.a3 O-O 10.d3 Nc6 11.b4 a6 12.Nd2 Rc8 13.Bb2 Nd7 14.Nb3 Bf6 15.d4 Nb6
16.Nc5 Nc4 17.Bc3 Nd6 18.Rc1 Nb5 19.Nxb7 Qe7 20.Nc5 Nxc3 21.Rxc3 Bxd4 22.
Rc2 a5 23.Nb3 Bb6 24.Qd2 axb4 25.Rfc1 Qd7 26.axb4 Ne5 27.e3 Rxc2 28.Qxc2 
Qb5 29.Qc3 Qd3 30.Nc5 Qxc3 31.Rxc3 Rc8 32.Bf1 Bxc5 33.bxc5 Kf8 34.Bb5 Ke7 
35.f4 Nc4 36.c6 Kd6 37.Rb3 Kc5 38.Ba4 1/2-1/2

[Event "10th Olot it"]
[Site "Olot ESP"]
[Date "1975.03.??"]
[Round "10"]
[White "Cardoso, Rodolfo Tan"]
[Black "Gonzalez Maza, Rafael"]
[WhiteElo "2440"]
[BlackElo "2280"]
[Result "1/2-1/2"]
[EventDate "1975.03.09"]
[PlyCount "114"]

1.e4 c5 2.Nf3 e6 3.d4 cxd4 4.Nxd4 a6 5.Nc3 Qc7 6.Bd3 Nc6 7.Be3 b5 8.O-O 
Bb7 9.a4 b4 10.Nce2 Nf6 11.Nb3 Ng4 12.Bf4 Bd6 13.Bxd6 Qxd6 14.Ng3 Nge5 15.
Be2 Qxd1 16.Raxd1 g5 17.f4 gxf4 18.Rxf4 Ng6 19.Rf2 Ke7 20.Rxf7+ Kxf7 21.
Rxd7+ Nge7 22.Rxb7 Rhb8 23.Rxb8 Nxb8 24.Bc4 Nd7 25.Nd4 Nc5 26.b3 Rd8 27.
Nf3 Nc6 28.Kf2 Nd4 29.Nxd4 Rxd4 30.Ke3 Rd8 31.e5 Ke7 32.Ne2 Rd1 33.Nd4 Kd7
34.Be2 Rb1 35.Bf3 Re1+ 36.Ne2 Ke7 37.Kd2 Rh1 38.Nd4 Nd7 39.Nc6+ Ke8 40.h3 
a5 41.Nxa5 Nxe5 42.Be4 h6 43.Nc6 Nxc6 44.Bxc6+ Kd8 45.Be4 Kc7 46.c3 bxc3+ 
47.Kxc3 Ra1 48.Bf3 Kb6 49.h4 Ka5 50.h5 Rc1+ 51.Kd4 Kb4 52.Ke5 Rc5+ 53.Kxe6
Kxb3 54.Kf6 Rg5 55.a5 Rxa5 56.Kg7 Rg5+ 57.Kxh6 Rg3 1/2-1/2

[Event "10th Olot it"]
[Site "Olot ESP"]
[Date "1975.03.??"]
[Round "10"]
[White "Filip, Miroslav"]
[Black "Cordovil, Joao Maria"]
[WhiteElo "2485"]
[BlackElo "2280"]
[Result "1-0"]
[EventDate "1975.03.09"]
[PlyCount "35"]

1.d4 c5 2.d5 e5 3.e4 d6 4.Nc3 a6 5.a4 f5 6.exf5 Bxf5 7.Bd3 Bxd3 8.Qxd3 Be7
9.Nf3 Nd7 10.O-O Qc7 11.a5 Ngf6 12.Ng5 Nf8 13.f4 c4 14.Qe2 N6d7 15.Nge4 
Ng6 16.f5 Ngf8 17.Be3 g6 18.f6 1-0

[Event "10th Olot it"]
[Site "Olot ESP"]
[Date "1975.03.??"]
[Round "10"]
[White "Medina Garcia, Antonio Angel"]
[Black "Romanishin, Oleg"]
[WhiteElo "2345"]
[BlackElo "2485"]
[Result "0-1"]
[EventDate "1975.03.09"]
[PlyCount "78"]

1.e4 e5 2.Nf3 Nc6 3.Bb5 a6 4.Ba4 Nf6 5.O-O Be7 6.Re1 b5 7.Bb3 d6 8.c3 O-O 
9.h3 Na5 10.Bc2 c5 11.d4 Nc6 12.Nbd2 cxd4 13.cxd4 Nd7 14.Nf1 exd4 15.Nxd4 
Nxd4 16.Qxd4 Ne5 17.Qd1 Bf6 18.Ne3 Bb7 19.Rb1 Rc8 20.Re2 Ng6 21.Nd5 Bxd5 
22.Qxd5 Rc5 23.Qb3 Bg5 24.Be3 Bxe3 25.Rxe3 Qg5 26.Bd3 Rfc8 27.Bf1 Nf4 28.
g3 h5 29.h4 Qg6 30.Rd1 Rc1 31.Ree1 R1c2 32.Qe3 Ne6 33.Rxd6 Rxb2 34.Rxa6 b4
35.Bh3 Rcc2 36.Ra8+ Nf8 37.Qd4 Qf6 38.Rd1 Rb1 39.e5 Rxd1+ 0-1

[Event "10th Olot it"]
[Site "Olot ESP"]
[Date "1975.03.??"]
[Round "10"]
[White "Sanz Alonso, Francisco Javier"]
[Black "Pomar Salamanca, Arturo"]
[WhiteElo "2340"]
[BlackElo "2450"]
[Result "0-1"]
[EventDate "1975.03.09"]
[PlyCount "84"]

1.c4 c6 2.Nf3 d5 3.e3 Nf6 4.Nc3 Bg4 5.Qb3 Qb6 6.Qxb6 axb6 7.cxd5 Bxf3 8.
gxf3 cxd5 9.Bb5+ Nc6 10.b3 e6 11.Bb2 Nd7 12.Ke2 Be7 13.Na4 Bf6 14.Bxf6 
gxf6 15.Rhc1 Rc8 16.Rg1 Kf8 17.h4 Rg8 18.Rxg8+ Kxg8 19.Rg1+ Kf8 20.f4 f5 
21.d4 Ke7 22.Kd2 h6 23.f3 Ra8 24.Kc3 Ra5 25.Bxc6 bxc6 26.Rg8 b5 27.Kb4 Ra7
28.Nc3 Rb7 29.Rc8 Kd6 30.Rh8 Nb8 31.h5 Na6+ 32.Ka5 Nc7 33.b4 Ra7+ 34.Kb6 
Ra8 35.Rxh6 Rb8+ 36.Ka7 Rg8 37.Kb7 Ne8 38.Rh7 Ke7 39.a4 Nd6+ 40.Ka7 Kd7 
41.a5 Kc7 42.h6 Rb8 0-1

[Event "10th Olot it"]
[Site "Olot ESP"]
[Date "1975.03.??"]
[Round "10"]
[White "Schmidt, Wlodzimierz"]
[Black "Bellon Lopez, Juan Manuel"]
[WhiteElo "2465"]
[BlackElo "2415"]
[Result "1-0"]
[EventDate "1975.03.09"]
[PlyCount "80"]

1.Nf3 d5 2.g3 Bg4 3.Bg2 c6 4.O-O Nd7 5.d3 e6 6.Nbd2 Bd6 7.h3 Bh5 8.Qe1 Qb6
9.Kh1 Ne7 10.b3 O-O 11.Bb2 f6 12.e4 Bf7 13.d4 Rfe8 14.Qe2 a5 15.a4 Rac8 
16.Rac1 c5 17.e5 fxe5 18.dxc5 Rxc5 19.Nxe5 Nxe5 20.Bxe5 Bxe5 21.Qxe5 Rec8 
22.c3 Nf5 23.c4 Nd6 24.Qa1 Qc7 25.Rfd1 b6 26.Kh2 dxc4 27.bxc4 Bh5 28.Re1 
Rf8 29.f4 Bf7 30.Qb2 Rb8 31.Re5 Nxc4 32.Rxc4 Rxc4 33.Nxc4 Qxc4 34.Rxa5 h6 
35.Ra7 Qc5 36.a5 b5 37.Rd7 Qc8 38.Qe5 b4 39.a6 Ra8 40.Rb7 b3 1-0

[Event "10th Olot it"]
[Site "Olot ESP"]
[Date "1975.03.??"]
[Round "11"]
[White "Bellon Lopez, Juan Manuel"]
[Black "Filip, Miroslav"]
[WhiteElo "2415"]
[BlackElo "2485"]
[Result "1/2-1/2"]
[EventDate "1975.03.09"]
[PlyCount "30"]

1.b3 Nf6 2.Bb2 b6 3.d3 d5 4.Nf3 e6 5.Nbd2 Bb7 6.g3 Be7 7.Bg2 Nbd7 8.O-O 
O-O 9.e4 dxe4 10.Ng5 Nc5 11.Ngxe4 Nfxe4 12.Nxe4 Nxe4 13.Bxe4 Bxe4 14.dxe4 
Qxd1 15.Rfxd1 Rfd8 1/2-1/2

[Event "10th Olot it"]
[Site "Olot ESP"]
[Date "1975.03.??"]
[Round "11"]
[White "Cordovil, Joao Maria"]
[Black "Medina Garcia, Antonio Angel"]
[WhiteElo "2280"]
[BlackElo "2345"]
[Result "1-0"]
[EventDate "1975.03.09"]
[PlyCount "153"]

1.e4 e5 2.Nf3 Nc6 3.Bb5 a6 4.Ba4 d6 5.O-O Bd7 6.Re1 g6 7.d4 Bg7 8.d5 Nb8 
9.c4 Nf6 10.Nc3 O-O 11.h3 a5 12.c5 Na6 13.cxd6 cxd6 14.Be3 Bxa4 15.Qxa4 
Nd7 16.a3 Nac5 17.Qb5 a4 18.Nd2 Ra6 19.Qc4 f5 20.f3 Bf6 21.b4 axb3 22.Nxb3
Bg5 23.Bxc5 dxc5 24.Kh1 Kh8 25.Na4 Qc8 26.Naxc5 Rb6 27.Rac1 Bxc1 28.Rxc1 
Nxc5 29.Nxc5 fxe4 30.Qxe4 Re8 31.Nd3 Qf5 32.Rc7 Rb3 33.Qa4 Rb1+ 34.Kh2 Rd8
35.Qh4 g5 36.Qh6 Rg8 37.g4 Qg6 38.Qxg6 Rxg6 39.Nxe5 Rb2+ 40.Kg3 Rg7 41.
Nf7+ Kg8 42.Nh6+ Kf8 43.Rc8+ Ke7 44.Nf5+ Kd7 45.Rf8 Rg6 46.Rf7+ Kd8 47.
Rxh7 Ra6 48.d6 Rxa3 49.Nd4 Re3 50.Rg7 Rd2 51.Nf5 Rb3 52.Rxg5 Rdd3 53.Rg8+ 
Kd7 54.Rg7+ Kd8 55.Nh4 Rxd6 56.g5 b5 57.g6 Rb1 58.Rb7 Rg1+ 59.Kf2 Rgxg6 
60.Nxg6 Rxg6 61.Rxb5 Ke7 62.Rb7+ Kf8 63.f4 Kg8 64.Kf3 Rg1 65.f5 Rh1 66.Kg4
Rg1+ 67.Kh5 Rg2 68.h4 Rg1 69.Rb4 Kf7 70.Rg4 Rf1 71.Kg5 Rf2 72.h5 Ra2 73.h6
Ra1 74.Rh4 Kg8 75.f6 Ra4 76.Kg6 Ra2 77.Re4 1-0

[Event "10th Olot it"]
[Site "Olot ESP"]
[Date "1975.03.??"]
[Round "11"]
[White "Gonzalez Maza, Rafael"]
[Black "Sanz Alonso, Francisco Javier"]
[WhiteElo "2280"]
[BlackElo "2340"]
[Result "0-1"]
[EventDate "1975.03.09"]
[PlyCount "84"]

1.e4 c5 2.Nf3 e6 3.d4 cxd4 4.Nxd4 Nc6 5.Nb5 d6 6.c4 a6 7.Nd4 Nf6 8.Nc3 Qa5
9.Nb3 Qc7 10.Bf4 b6 11.Be2 Be7 12.Rc1 Ne5 13.O-O Bb7 14.Nd2 O-O 15.b4 Rfd8
16.Qb3 Rac8 17.Bg3 Qb8 18.Kh1 Nc6 19.Qb2 Nd7 20.Rfd1 Bf6 21.Nf3 Nce5 22.
Qb3 Qc7 23.Nxe5 Nxe5 24.f3 Nxc4 25.Nb1 b5 26.Nd2 Nxd2 27.Rxc7 Nxb3 28.Rxb7
Nc1 29.Bf1 Nxa2 30.Rb6 Nxb4 31.Rb1 Bd4 32.Rxd6 Rxd6 33.Bxd6 Na2 34.Ba3 h6 
35.g3 Rc3 36.Bd6 Rxf3 37.Rd1 e5 38.Bh3 Rc3 39.Rd2 Rc1+ 40.Kg2 Nc3 41.Kf3 
a5 42.Bc7 b4 0-1

[Event "10th Olot it"]
[Site "Olot ESP"]
[Date "1975.03.??"]
[Round "11"]
[White "Pomar Salamanca, Arturo"]
[Black "Schmidt, Wlodzimierz"]
[WhiteElo "2450"]
[BlackElo "2465"]
[Result "1/2-1/2"]
[EventDate "1975.03.09"]
[PlyCount "23"]

1.d4 Nf6 2.c4 g6 3.Nc3 Bg7 4.e4 d6 5.Nf3 O-O 6.Be2 e5 7.dxe5 dxe5 8.Qxd8 
Rxd8 9.Bg5 Re8 10.O-O-O h6 11.Bh4 Na6 12.Nd2 1/2-1/2

[Event "10th Olot it"]
[Site "Olot ESP"]
[Date "1975.03.??"]
[Round "11"]
[White "Romanishin, Oleg"]
[Black "Csom, Istvan"]
[WhiteElo "2485"]
[BlackElo "2530"]
[Result "0-1"]
[EventDate "1975.03.09"]
[PlyCount "55"]

1.c4 e6 2.Nf3 Nf6 3.g3 b6 4.Bg2 Bb7 5.O-O c5 6.Nc3 d6 7.d4 cxd4 8.Qxd4 a6 
9.b3 Qc7 10.Ba3 Nbd7 11.Rfd1 Nc5 12.Rac1 Be7 13.b4 Ncd7 14.b5 Nc5 15.bxa6 
Rxa6 16.Nb5 Qb8 17.Bb4 O-O 18.Nxd6 Bxf3 19.Bxf3 Rd8 20.Nb5 Rxd4 21.Nxd4 
Rxa2 22.Ra1 Rxa1 23.Rxa1 Bf8 24.Ra8 Qd6 25.e3 h6 26.Nc6 Nfd7 27.Rd8 Kh7 
28.Re8 0-1